Strength of materials (Record no. 12315)

MARC details
000 -LEADER
fixed length control field 00224nam a22001097a 4500
082 ## - DEWEY DECIMAL CLASSIFICATION NUMBER
Classification number 620.11RYD
100 ## - MAIN ENTRY--AUTHOR NAME
Personal name Ryder G H
245 ## - TITLE STATEMENT
Title Strength of materials
260 ## - PUBLICATION, DISTRIBUTION, ETC. (IMPRINT)
Name of publisher English Language
Year of publication 1977
300 ## - PHYSICAL DESCRIPTION
Number of Pages 340
942 ## - ADDED ENTRY ELEMENTS (KOHA)
Koha item type Books
Holdings
Withdrawn status Lost status Home library Current library Date acquired Cost, normal purchase price Full call number Accession Number Koha item type
    Central Library, QUEST, Nawabshah Central Library, QUEST, Nawabshah 12/02/2015 25.00 620.11RYD 7153 Books
    Seminar Library, Mechanical Engg. Seminar Library, Mechanical Engg. 12/02/2015 25.00 620.11RYD 7154 Books
    Central Library, QUEST, Nawabshah Stacks area 12/02/2015 25.00 620.11RYD 7155 Books